banner-ar

عربيات: حضارة ولغة / (Record no. 37811)

MARC details
000 -الفاتح
حقل البيانات ثابتة الطول 00333nam a2200133Ia 4500
008 - عناصر البيانات ثابتة الطول - معلومات عامة
حقل البيانات ثابتة الطول 140319s9999 xx 000 0 ara d
040 ## - مصدر الفهرسة
وكالة الفهرسة الأصلية GCL /
وكالة النسخ GCL
082 04 - رقم تصنيف ديوى العشرى
رقم التصنيف 653
رقم المادة ن ع
100 1# - المدخل الرئيسى - إسم شخصى
الإسم الشخصى نقولا زيادة
245 10 - بيان العنوان
العنوان عربيات: حضارة ولغة /
بيان المسئوليه,etc نقولا زيادة
300 ## - الوصف المادى
التعداد 264 ص
490 ## - بيان السلسلة
عنوان السلسلة
Holdings
حالة التراجع حالة الفقد حالة تلف ليس للاعارة المكان المؤقت الموقع الحالى تاريخ الاكتساب اجمالي اﻻعارات رقم الطلب الباركود تاريخ اخر مشاهدة تاريخ تفعيل السعر نوع وعاء كوها
        مكتبة القاهرة الكبرى مكتبة القاهرة الكبرى 03/26/2014   653\ن ع 92310 03/26/2014 03/26/2014 كتاب
        مكتبة القاهرة الكبرى مكتبة القاهرة الكبرى 03/26/2014   653\ن ع 92311 03/26/2014 03/26/2014 كتاب

Powered By

EGPV